Expressive processing (Record no. 141375)
[ view plain ]
| 000 -LEADER | |
|---|---|
| fixed length control field | 01757nam a2200385 a 4500 |
| 082 04 - DEWEY DECIMAL CLASSIFICATION NUMBER | |
| Classification number | 006.7 |
| 100 1# - MAIN ENTRY--AUTHOR NAME | |
| Personal name | Wardrip-Fruin, Noah. |
| 245 10 - TITLE STATEMENT | |
| Title | Expressive processing |
| 260 ## - PUBLICATION, DISTRIBUTION, ETC. (IMPRINT) | |
| Place of publication | Cambridge, Mass. : |
| Name of publisher | MIT Press, |
| Year of publication | c2009. |
| 300 ## - PHYSICAL DESCRIPTION | |
| Number of Pages | xv, 482 p. : |
| Other physical details | ill. |
| 490 1# - SERIES STATEMENT | |
| Series statement | Software studies |
| 505 0# - FORMATTED CONTENTS NOTE | |
| Formatted contents note | Introduction -- The Eliza effect -- Computer game fictions -- Making models -- The tale-spin effect -- Character and author intelligence -- Authoring systems -- The SimCity effect -- Playable language and nonsimulative processes -- Conclusion -- Afterword. |
| 650 #0 - SUBJECT ADDED ENTRY--TOPICAL TERM | |
| Topical Term | Interactive multimedia |
| Topical Term | Computer games |
| Topical Term | Digital media. |
| Topical Term | Digital computer simulation. |
| 856 40 - ELECTRONIC LOCATION AND ACCESS | |
| Uniform Resource Identifier | http://site.ebrary.com/lib/rucke/Doc?id=10519786 |
No items available.
